Modifikácia systému dane z pridanej hodnoty pri realizácii intrakomunitárnych obchodných vzťahov
Možnosti zjednodušenia súčasného systému DPH v členských štátoch EÚ. Princípy systému jedného miesta kontaktu (JMK), One-Stop Stop. Registrácia a podávanie daňového priznania pri využití JMK (One-Stop Stop). Odpočítanie dane pri systéme JMK (One -Stop Stop). Vrátenie DPH subjektom, ktoré nemajú sídl...
Uložené v:
| Hlavný autor: | |
|---|---|
| Médium: | Kapitola |
| Jazyk: | Slovak |
| Predmet: | |
| Tagy: |
Žiadne tagy, Buďte prvý, kto otaguje tento záznam!
|
MARC
| LEADER | 00000naa$a2200000$$$4500 | ||
|---|---|---|---|
| 001 | 0044239 | ||
| 005 | 20240502071522.9 | ||
| 041 | 0 | |a slo | |
| 044 | |a SK | ||
| 245 | 1 | 0 | |a Modifikácia systému dane z pridanej hodnoty pri realizácii intrakomunitárnych obchodných vzťahov |c Anna Schultzová |
| 520 | |a Možnosti zjednodušenia súčasného systému DPH v členských štátoch EÚ. Princípy systému jedného miesta kontaktu (JMK), One-Stop Stop. Registrácia a podávanie daňového priznania pri využití JMK (One-Stop Stop). Odpočítanie dane pri systéme JMK (One -Stop Stop). Vrátenie DPH subjektom, ktoré nemajú sídlo, resp. bydlisko v členskom štáte EÚ. | ||
| 610 | 2 | 0 | |a vzťahy obchodné |
| 610 | 2 | 0 | |a dane z hodnoty pridanej |
| 610 | 2 | 0 | |a systémy daňové |
| 610 | 2 | 0 | |a harmonizácia |
| 610 | 2 | 0 | |a Slovensko |
| 610 | 2 | 0 | |a Európska únia |
| 610 | 2 | 0 | |a priznania daňové |
| 610 | 2 | 0 | |a daňovníci |
| 610 | 2 | 0 | |a komunikácia |
| 100 | 1 | |a Schultzová, Anna | |